A comparative study of medical versus laparoscopic management of gastroesophageal reflux disease / (رقم التسجيلة. 4307)

تفاصيل مارك
000 -LEADER
fixed length control field 014100000a22003370004500
003 - CONTROL NUMBER IDENTIFIER
control field EG-GICUC
005 - DATE AND TIME OF LATEST TRANSACTION
control field 20250223025033.0
008 - FIXED-LENGTH DATA ELEMENTS--GENERAL INFORMATION
fixed length control field 071103s2007 ua f m 000 0 eng d
040 ## - CATALOGING SOURCE
Original cataloging agency EG-GICUC
Language of cataloging eng
Transcribing agency EG-GICUC
041 0# - LANGUAGE CODE
Language code of text/sound track or separate title Eng
049 ## - LOCAL HOLDINGS (OCLC)
Holding library Deposite
097 ## - Thesis Degree
Thesis Level M.Sc
099 ## - LOCAL FREE-TEXT CALL NUMBER (OCLC)
Classification number Cai01.11.14.M.Sc.2007.Mo.C
100 0# - MAIN ENTRY--PERSONAL NAME
Personal name Mohamed Ibrahiem Eletriby
245 12 - TITLE STATEMENT
Title A comparative study of medical versus laparoscopic management of gastroesophageal reflux disease /
Statement of responsibility, etc. Mohamed Ibrahiem Eletriby ; Supervised Antoine Halepian , Hesham Mahmoud Amer
246 15 - VARYING FORM OF TITLE
Title proper/short title دراسة مقارنة بين العلاج الدوائى والعلاج الجراحى بالمنظار لحالات ارتجاع المرئ
260 ## - PUBLICATION, DISTRIBUTION, ETC.
Place of publication, distribution, etc. Cairo :
Name of publisher, distributor, etc. Mohamed Ibrahiem Eletriby ,
Date of publication, distribution, etc. 2007
300 ## - PHYSICAL DESCRIPTION
Extent 178P. ;
Dimensions 25cm
502 ## - DISSERTATION NOTE
Dissertation note Thesis (M.Sc.) - Cairo University - Faculty Of Medicine - Department Of General Surgery
520 ## - SUMMARY, ETC.
Summary, etc. Concerning the healing of esophagitis , surgery proved to be superior to medical treatment in healing of esophagitis
530 ## - ADDITIONAL PHYSICAL FORM AVAILABLE NOTE
Additional physical form available note Issued also as CD
653 #4 - INDEX TERM--UNCONTROLLED
Uncontrolled term gastroesophageal reflux disease
653 #4 - INDEX TERM--UNCONTROLLED
Uncontrolled term medical versus
653 #4 - INDEX TERM--UNCONTROLLED
Uncontrolled term versus laparoscopic
700 0# - ADDED ENTRY--PERSONAL NAME
Personal name Antoine Halepian ,
Relator term
700 0# - ADDED ENTRY--PERSONAL NAME
Personal name Hesham Mahmoud Amer ,
Relator term
856 ## - ELECTRONIC LOCATION AND ACCESS
Uniform Resource Identifier <a href="http://172.23.153.220/th.pdf">http://172.23.153.220/th.pdf</a>
905 ## - LOCAL DATA ELEMENT E, LDE (RLIN)
Cataloger Amira
Reviser Cataloger
905 ## - LOCAL DATA ELEMENT E, LDE (RLIN)
Cataloger Esam
Reviser Revisor
942 ## - ADDED ENTRY ELEMENTS (KOHA)
Source of classification or shelving scheme Dewey Decimal Classification
Koha item type Thesis
المقتنيات
Source of classification or shelving scheme Not for loan Home library Current library Date acquired Full call number Barcode Date last seen Koha item type Copy number
Dewey Decimal Classification   المكتبة المركزبة الجديدة - جامعة القاهرة قاعة الرسائل الجامعية - الدور الاول 11.02.2024 Cai01.11.14.M.Sc.2007.Mo.C 01010110047860000 22.09.2023 Thesis  
Dewey Decimal Classification   المكتبة المركزبة الجديدة - جامعة القاهرة مخـــزن الرســائل الجـــامعية - البدروم 11.02.2024 Cai01.11.14.M.Sc.2007.Mo.C 01020110047860000 22.09.2023 CD - Rom 47860.CD
Cairo University Libraries Portal Implemented & Customized by: Eng. M. Mohamady Contacts: new-lib@cl.cu.edu.eg | cnul@cl.cu.edu.eg
CUCL logo CNUL logo
© All rights reserved — Cairo University Libraries
CUCL logo
Implemented & Customized by: Eng. M. Mohamady Contact: new-lib@cl.cu.edu.eg © All rights reserved — New Central Library
CNUL logo
Implemented & Customized by: Eng. M. Mohamady Contact: cnul@cl.cu.edu.eg © All rights reserved — Cairo National University Library